000 00718cam a22002413a 4500
001 11890
003 PGUSA
005 20140828083242.0
008 040401s2004||||xxu|||||s|||||000 1 eng d
040 _aPGUSA
_beng
042 _adc
050 4 _aPZ
100 1 _aWebster, Frank V.
245 1 0 _aComrades of the Saddle; Or, The Young Rough Riders of the Plains
_h[electronic resource] /
_cFrank V. Webster
260 _bProject Gutenberg,
_c2004
506 _aPublic domain in the USA.
516 _aElectronic text
653 _aCowboys -- Juvenile fiction
653 _aRanch life -- Juvenile fiction
830 0 _aProject Gutenberg
_v11890
856 4 0 _uhttp://www.gutenberg.org/ebooks/11890
942 _cEB
999 _c241145
_d241145